| 000 | 00613nam a2200193 i 4500 | ||
|---|---|---|---|
| 001 | 60927 | ||
| 003 | ES-MaACL | ||
| 005 | 20230906164332.0 | ||
| 007 | t| | ||
| 008 | 031107s1961 sp ||||1| spa d | ||
| 100 | 1 |
_aEstrugo, José Antonio. _948261 |
|
| 245 | 1 | 0 |
_aMatemática comercial / _cpor José Antonio Estrugo. |
| 260 |
_aMadrid : _b[s.n., _c1961] ( _fGráf. Reunidas) |
||
| 300 |
_aX, 160 p. : _bil. ; _c24 cm. |
||
| 490 | 1 |
_aBiblioteca de matemática comercial ; _v4 |
|
| 830 | 0 |
_aBiblioteca de matemática comercial ; _v4 _9182733 |
|
| 852 |
_aES-MaACL _jC-24143 _bR.52942 |
||
| 999 |
_c60927 _d60927 |
||